Jewish Holidays by Traditional Food - Statistics

General Stats
  • This quiz has been taken 135 times
  • The average score is 5 of 8
Answer Stats
Hint Answer % Correct
Deep-Fried Food Hanukkah
94%
No Food Yom Kippur
85%
Non-Fermented Grains Passover
79%
Pomegranate Rosh Hashanah
76%
Dairy Products Shavuot
52%
Sweets Purim
47%
Fresh Fruits Sukkot
45%
Dried Fruits Tu BiShvat
23%
No matching quizzes found
Score Distribution
Percent of People with Each Score
Percentile by Number Answered
Your Score History
You have not taken this quiz